00460 a2200169 4500260001300000100002700013260000800040245012200048300001200170650002100182650002700203650002700230260000900257300000900266130000700275710000800282 aEschborn aHENNING-HELBIG, SABINE bGTZ aInstructions pour la mise en oeuvre de teretriosoma nigrescens dans la lutte biologique contre prostephanus truncatus av-55 p. alutte biologique ateretriosom nigrescens aprostephanus truncatus c1995 bill. lFR aGTZ